00934nam a2200229 a 4500001001000000003000500010005001700015008004100032010001100073011001100084040000900095100003400104245018100138260004100319500006000360502011200420650003100532650002600563650002100589650002400610856007000634000111821CHAP20220329144230.0150921s2015 mx a fsm |||||||spa d a108282 a109254 cCHAP1 aVargas López, María Elena10aAnálisis del índice de ventaja comparativa revelada de la fresa de México en los mercados de exportación de 1994 - 2011h[En línea]cpor María Elena Vargas López. aChapingo, Méx. :bEl autor,c2015. aPara ver el contenido del material haga clic en la liga aTesis (Ing. Agr. Esp. en Economía Agrícola) -- UACH. División de Ciencias Económico Administrativas14aCompetencia internacional.14aFresaxExportación.14aFresaxMercadeo.14aFresaxRendimiento. aFinding aiduhttp://10.13.5.2/tesis/sist111821.pdfzTeclea aquí